LEADER 01214nam a2200241 i 4500 001 000000044044 003 CaOOAMICUS 005 20090929000000.0 008 090929s1969 gw u000 u ger u 013 $a15214 040 $aSeMil$bita 100 1 $aDembowscki, Hermann.$0(OLS)http://semarc/name/21884 245 10$aGrundfragen der Christologie :$bErörtert am Problem der Herrschaft Jesu Christi /$cHermann Dembowscki. 260 $aMünchen :$bChr. Kaiser,$c1969. 300 $a358 p. ;$c23 cm. 490 0 $aBeiträge zur evangelischen Theologie : theologische Abhandlungen ;$v51 500 $aOrig. pubbl. col titolo: "Jesus Christus, der Herr" (Habilitationsschrift tenuta dall'autore alla Evangelisch-theologische Fakultät di Bonn, 1967). 650 4$aCristologia.$0(OLS)http://semarc/subject/173 830 0$aBeiträge zur evangelischen Theologie ;$v51.$0(OLS)http://semarc/title/8759 850 $aSeMil 852 $aSeMil$W1$xVenegono$y1$m2B III 269$j10199$B10199$CSeMilBibl$Z2$F10199 $81 996 $6245$aGrundfragen der Christologie :$bErörtert am Problem der Herrschaft Jesu Christi$9(OLS)http://semarc/title/64952 996 $6260$aMünchen :$bChr. Kaiser$9(OLS)http://semarc/publisher/29737